| 000 | 00562nam a2200157 a 4500 | ||
|---|---|---|---|
| 008 | 120416s1963 ||||||||||||||||| || u | ||
| 050 | _aBF 121 Nur | ||
| 100 | _aNurnberger, John I | ||
| 245 | 1 | 3 | _aAn introduction to the science of human behaviour |
| 260 |
_aNew York: _bAppleton-Century-Crofts _c1963 |
||
| 300 | _axvi, 379p. | ||
| 350 | _a0.00 | ||
| 650 | 3 | _aPSYCHOLOGY | |
| 700 | _aBrady, John Paul | ||
| 995 |
_D0.00 _FCBU-MAIN LIBRARY (Kitwe) _H1 _I0.00 _M1 _UAVAILABLE _ZMain Library Open Access Collection |
||
| 999 |
_c48056 _d48056 |
||